| 000 | 00572nam a2200229 i 4500 | ||
|---|---|---|---|
| 001 | 15588 | ||
| 003 | ES-MaACL | ||
| 005 | 20230906151117.0 | ||
| 007 | t| | ||
| 008 | 000404s2000 sp ||||1| spa d | ||
| 020 | _a84-8306-281-X | ||
| 080 | _a821.134.2-31"19" | ||
| 100 | 1 |
_aLope, Manuel de. _973275 |
|
| 245 | 1 | 3 |
_aLa sangre ajena / _cManuel de Lope. |
| 250 | _a1ª ed. | ||
| 260 |
_aMadrid : _bDebate, _c2000. |
||
| 300 |
_a253 p. ; _c26 cm. |
||
| 490 | 1 | _aAreté | |
| 830 | 0 |
_aAreté _9179755 |
|
| 852 |
_aES-MaACL _jL-22672 _bR.128060 |
||
| 999 |
_c15588 _d15588 |
||